000
00298nam a22001337a 4500
008
180806b xxu||||| |||| 00| 0 eng d
082
_a
813.52
245
_a
Fondations and Evolutions
_c
RAIBON.K
260
_c
2013
300
_a
1
_f
CD
440
_x
1111972110
760
_b
9 th
942
_2
ddc
_c
MX
999
_c
46869
_d
46869